Statistics for Top 100 NBA Players - Start of 2019-2020

Click here to take the quiz!

General Stats

  • This quiz has been taken 263 times
  • The average score is 55 of 100

Answer Stats

HintAnswer% Correct
BucksPFGiannis Antetokounmpo
99%
LakersSFLeBron James
99%
WarriorsPGStephen Curry
97%
RocketsSGJames Harden
96%
NuggetsCNikola Jokic
93%
Trail BlazersPGDamian Lillard
92%
76ersCJoel Embiid
92%
ClippersSFKawhi Leonard
92%
LakersCAnthony Davis
90%
HeatSFJimmy Butler
88%
NetsPGKyrie Irving
87%
ClippersPFPaul George
86%
TimberwolvesCKarl-Anthony Towns
84%
WarriorsPFDraymond Green
83%
ThunderPGChris Paul
81%
JazzCRudy Gobert
81%
RocketsPGRussell Westbrook
81%
CelticsPFJayson Tatum
77%
LakersSGDanny Green
74%
SpursSFDeMar DeRozan
70%
MavericksPGLuka Doncic
70%
76ersPGBen Simmons
69%
SunsSGDevin Booker
68%
JazzSGDonovan Mitchell
68%
WarriorsSGKlay Thompson
68%
HawksPGTrae Young
68%
KingsPGDe'Aaron Fox
66%
CelticsSGJaylen Brown
65%
RaptorsPFPascal Siakam
65%
BucksSFKhris Middleton
64%
WizardsSGBradley Beal
62%
Trail BlazersSGC.J. McCollum
62%
NuggetsPGJamal Murray
62%
PistonsPFBlake Griffin
61%
BullsPFThaddeus Young
61%
RaptorsPGKyle Lowry
60%
SpursPGDejounte Murray
59%
NetsSFJoe Harris
59%
PelicansSGJrue Holiday
59%
76ersSFTobias Harris
59%
ThunderCSteven Adams
58%
CelticsPGKemba Walker
57%
MavericksPFKristaps Porzingis
57%
NuggetsSGGary Harris
56%
JazzPGMike Conley
55%
MagicCNikola Vucevic
54%
BullsSGZach LaVine(I personally have a serious problem with this ranking)
54%
76ersPFAl Horford
53%
WarriorsPGD'Angelo Russell
53%
CavaliersPFKevin Love
53%
ClippersSGLou Williams
53%
PistonsCAndre Drummond
52%
SpursPFLaMarcus Aldridge
52%
RaptorsCMarc Gasol
52%
BucksCBrook Lopez
51%
MagicPFAaron Gordon
50%
PelicansSFBrandon Ingram
50%
RocketsCClint Capela
50%
HawksPFJohn Collins
50%
PacersSGVictor Oladipo
50%
KingsSGBuddy Hield
48%
PacersPFDomantas Sabonis
48%
RocketsSFEric Gordon
48%
CelticsSGMarcus Smart
47%
TimberwolvesSFAndrew Wiggins
46%
PacersCMyles Turner
45%
HeatCBam Adebayo
43%
BucksPGEric Bledsoe
43%
KnicksPFJulius Randle
42%
NetsCDeAndre Jordan
41%
JazzPFBojan Bogdanovic
40%
Trail BlazersCJusuf Nurkic
40%
RaptorsCSerge Ibaka
40%
GrizzliesPFJaren Jackson Jr.
39%
CelticsSFGordon Hayward
38%
BullsPFLauri Markkanen
38%
ClippersPGPatrick Beverley
38%
NuggetsPFPaul Millsap
38%
SpursPGDerrick White
37%
NetsCJarrett Allen
37%
JazzSFJoe Ingles
37%
GrizzliesCJonas Valanciunas
37%
PacersPGMalcolm Brogdon
37%
NetsPGSpencer Dinwiddie
36%
RocketsPFP.J. Tucker
35%
SunsPGRicky Rubio
35%
BullsSFOtto Porter
34%
ThunderPFDanilo Gallinari
33%
PelicansCDerrick Favors
32%
NetsSGCaris LeVert
31%
ClippersCMontrezl Harrell
31%
TimberwolvesPFRobert Covington
30%
KingsSFHarrison Barnes
29%
PelicansSGJJ Redick
28%
76ersSGJosh Richardson
25%
LakersPFKyle Kuzma
25%
TimberwolvesPGJeff Teague
23%
MagicSFTerrence Ross
15%
GrizzliesSFAndre Iguodala
14%
MagicPFAl-Farouq Aminu
6%

Score Distribution

Percentile by Number Answered

Percent of People with Each Score

Your Score History

You have not taken this quiz